[Event "Bundesliga 0001"]
[Site "Deutschland"]
[Date "2001.03.11"]
[Round "11.4"]
[White "Timman, Jan H"]
[Black "Speelman, Jonathan S"]
[Result "0-1"]
[WhiteElo "2639"]
[BlackElo "2623"]
[PlyCount "65"]
[EventDate "2000.10.14"]
[EventType "team"]
[EventRounds "15"]
[EventCountry "GER"]
[SourceTitle "Bundesliga 0001"]
[Source "DeepChess"]
[SourceDate "2005.01.01"]
[SourceVersion "1"]
[SourceVersionDate "2005.01.01"]
[SourceQuality "1"]
[WhiteTeam "SG Porz e.V."]
[BlackTeam "Luebecker SV von 1873 "]
[WhiteTeamCountry "GER"]
[BlackTeamCountry "GER"]

1. e4 c6 2. d4 d5 3. Nd2 dxe4 4. Nxe4 Nd7 5. Ng5 Ngf6 6. Bd3 e6 7. N1f3 Bd6 8.
Qe2 h6 9. Ne4 Nxe4 10. Qxe4 Qc7 11. Qg4 Kf8 12. O-O c5 13. Qh4 b6 14. Be4 Rb8
15. Rd1 c4 16. c3 Kg8 17. Re1 g5 18. Qh3 Kg7 19. Bc2 Bb7 20. Nd2 Nf6 21. f3 e5
22. dxe5 Bxe5 23. Nf1 Rbe8 24. Ne3 Bc8 25. Bf5 Bf4 26. Bxc8 Qc5 27. Kh1 Bxe3
28. Bd7 Re7 29. Bxe3 Rxe3 30. Rxe3 Qxe3 31. Bb5 Qe2 32. Rg1 Rd8 33. f4 0-1

[Event "Bundesliga 0001"]
[Site "Deutschland"]
[Date "2001.03.11"]
[Round "11.6"]
[White "Hansen, Curt"]
[Black "Hodgson, Julian M"]
[Result "0-1"]
[WhiteElo "2613"]
[BlackElo "2640"]
[PlyCount "52"]
[EventDate "2000.10.14"]
[EventType "team"]
[EventRounds "15"]
[EventCountry "GER"]
[SourceTitle "Bundesliga 0001"]
[Source "DeepChess"]
[SourceDate "2005.01.01"]
[SourceVersion "1"]
[SourceVersionDate "2005.01.01"]
[SourceQuality "1"]
[WhiteTeam "SG Porz e.V."]
[BlackTeam "Luebecker SV von 1873 "]
[WhiteTeamCountry "GER"]
[BlackTeamCountry "GER"]

1. c4 e5 2. g3 Nc6 3. Bg2 g6 4. Nc3 Bg7 5. e3 d6 6. Nge2 h5 7. d4 exd4 8. Nxd4
Nge7 9. Nde2 h4 10. O-O hxg3 11. hxg3 Bh3 12. Bxh3 Rxh3 13. Nf4 Rh7 14. c5 Bxc3
15. bxc3 dxc5 16. Qf3 Qd7 17. Ba3 O-O-O 18. Rad1 Ne5 19. Qe4 Qxd1 20. Rxd1
Rxd1+ 21. Kg2 N7c6 22. Nh3 b6 23. g4 Kb7 24. Kg3 f5 25. gxf5 gxf5 26. Qxf5 Rg7+
0-1

[Event "Bundesliga 0001"]
[Site "Deutschland"]
[Date "2001.03.11"]
[Round "11.2"]
[White "Babula, Vlastimil"]
[Black "Nielsen, Peter Heine"]
[Result "1-0"]
[WhiteElo "2582"]
[BlackElo "2578"]
[PlyCount "119"]
[EventDate "2000.10.14"]
[EventType "team"]
[EventRounds "15"]
[EventCountry "GER"]
[SourceTitle "Bundesliga 0001"]
[Source "DeepChess"]
[SourceDate "2005.01.01"]
[SourceVersion "1"]
[SourceVersionDate "2005.01.01"]
[SourceQuality "1"]
[WhiteTeam "SAbt SV Werder Bremen"]
[BlackTeam "SV Wattenscheid 1930"]
[WhiteTeamCountry "GER"]
[BlackTeamCountry "GER"]

1. d4 d5 2. c4 e6 3. Nc3 Be7 4. Nf3 Nf6 5. Bg5 h6 6. Bh4 O-O 7. e3 b6 8. Bd3
Bb7 9. O-O Nbd7 10. Qe2 Ne4 11. Bg3 c5 12. cxd5 exd5 13. Rad1 Qc8 14. Rfe1 Ndf6
15. dxc5 Nxc3 16. bxc3 Qxc5 17. Be5 Ne4 18. Bd4 Qa5 19. Bxe4 dxe4 20. Ne5 Qd5
21. Qg4 Qe6 22. Qxe6 fxe6 23. a4 Rfd8 24. a5 b5 25. Rb1 Ba6 26. Nc6 Rd7 27. c4
b4 28. c5 Rc8 29. Nxe7+ Rxe7 30. Rxb4 e5 31. Bb2 Rxc5 32. Rb8+ Rc8 33. Rxc8+
Bxc8 34. Rc1 Ba6 35. h3 Kf7 36. Rc5 Kf6 37. Rc6+ Re6 38. Rc7 Bd3 39. Rxa7 Ra6
40. Rxa6+ Bxa6 41. f4 exf3 42. gxf3 Ke6 43. e4 g5 44. Bc1 Kf6 45. Kg2 h5 46.
Kg3 Be2 47. Bb2 Ke6 48. Bc3 Kf6 49. Kf2 Bd3 50. Ke3 Ba6 51. h4 gxh4 52. f4 h3
53. Bxe5+ Ke6 54. Kd4 Bb7 55. f5+ Kf7 56. Ke3 Ke7 57. Bh2 Kf6 58. Kf4 Ba6 59.
e5+ Ke7 60. Kg5 1-0

[Event "Bundesliga 0001"]
[Site "Deutschland"]
[Date "2001.03.11"]
[Round "11.3"]
[White "Holzke, Frank"]
[Black "Schandorff, Lars"]
[Result "1/2-1/2"]
[WhiteElo "2470"]
[BlackElo "2520"]
[PlyCount "35"]
[EventDate "2000.10.14"]
[EventType "team"]
[EventRounds "15"]
[EventCountry "GER"]
[SourceTitle "Bundesliga 0001"]
[Source "DeepChess"]
[SourceDate "2005.01.01"]
[SourceVersion "1"]
[SourceVersionDate "2005.01.01"]
[SourceQuality "1"]
[WhiteTeam "SV Wattenscheid 1930"]
[BlackTeam "SAbt SV Werder Bremen"]
[WhiteTeamCountry "GER"]
[BlackTeamCountry "GER"]

1. e4 e5 2. Nf3 Nf6 3. d4 Nxe4 4. Bd3 d5 5. Nxe5 Nd7 6. Nxd7 Bxd7 7. O-O Bd6 8.
c4 c6 9. cxd5 cxd5 10. Qh5 O-O 11. Qxd5 Bc6 12. Qh5 g6 13. Qh3 Ng5 14. Qg4 Ne6
15. Bh6 Bf4 16. Bxf4 Qxd4 17. Nc3 Qxf4 18. Qxf4 1/2-1/2

[Event "Bundesliga 0001"]
[Site "Deutschland"]
[Date "2001.03.11"]
[Round "11.5"]
[White "Straeter, Timo"]
[Black "Knaak, Rainer"]
[Result "0-1"]
[WhiteElo "2370"]
[BlackElo "2513"]
[PlyCount "84"]
[EventDate "2000.10.14"]
[EventType "team"]
[EventRounds "15"]
[EventCountry "GER"]
[SourceTitle "Bundesliga 0001"]
[Source "DeepChess"]
[SourceDate "2005.01.01"]
[SourceVersion "1"]
[SourceVersionDate "2005.01.01"]
[SourceQuality "1"]
[WhiteTeam "SV Wattenscheid 1930"]
[BlackTeam "SAbt SV Werder Bremen"]
[WhiteTeamCountry "GER"]
[BlackTeamCountry "GER"]

1. d4 e6 2. Nf3 d5 3. c4 c6 4. Qc2 Nf6 5. Bg5 h6 6. Bxf6 Qxf6 7. e3 Nd7 8. Nc3
g6 9. cxd5 exd5 10. Bd3 Bd6 11. O-O Qg7 12. Rab1 a5 13. a3 O-O 14. Na4 Re8 15.
Rfe1 Qf8 16. Nd2 f5 17. f4 Nf6 18. Nf3 Be6 19. Ne5 Bf7 20. Nb6 Rad8 21. Qc3 Bc7
22. Qxa5 Ra8 23. Qc5 Qxc5 24. dxc5 Ra5 25. Nxf7 Kxf7 26. Rbc1 Ng4 27. g3 Nxe3
28. h3 Rxc5 29. Rxc5 Bxb6 30. Rcc1 Nd1+ 31. Kf1 Ne3+ 32. Kf2 Nc2+ 33. Kf1 Nxe1
34. Rxe1 Ra8 35. Kg2 Ra5 36. Kf3 c5 37. g4 c4 38. Bb1 fxg4+ 39. hxg4 Rb5 40. f5
Rb3+ 41. Kg2 Rxb2+ 42. Kh1 g5 0-1

[Event "Bundesliga 0001"]
[Site "Deutschland"]
[Date "2001.03.11"]
[Round "11.6"]
[White "Pelletier, Yannick"]
[Black "Blecken, Volker"]
[Result "1-0"]
[WhiteElo "2474"]
[BlackElo "2275"]
[PlyCount "55"]
[EventDate "2000.10.14"]
[EventType "team"]
[EventRounds "15"]
[EventCountry "GER"]
[SourceTitle "Bundesliga 0001"]
[Source "DeepChess"]
[SourceDate "2005.01.01"]
[SourceVersion "1"]
[SourceVersionDate "2005.01.01"]
[SourceQuality "1"]
[WhiteTeam "SAbt SV Werder Bremen"]
[BlackTeam "SV Wattenscheid 1930"]
[WhiteTeamCountry "GER"]
[BlackTeamCountry "GER"]

1. Nf3 d5 2. d4 c6 3. c4 e6 4. e3 f5 5. Bd3 Nf6 6. O-O Bd6 7. b3 O-O 8. Ba3 Ne4
9. Bxd6 Qxd6 10. Ne1 e5 11. Nf3 exd4 12. Nxd4 dxc4 13. Bxc4+ Kh8 14. f3 Nf6 15.
Nc3 Re8 16. Re1 b5 17. Bf7 Rd8 18. Be6 b4 19. Bxc8 Rxc8 20. Nxf5 Qc5 21. Nd6
bxc3 22. Nxc8 Nbd7 23. Nd6 Nd5 24. Ne4 Qb6 25. Qd4 N7f6 26. Rac1 Qxd4 27. exd4
Re8 28. Kf1 1-0

[Event "Bundesliga 0001"]
[Site "Deutschland"]
[Date "2001.03.11"]
[Round "11.8"]
[White "Meins, Gerlef"]
[Black "Lauzeningks, Jan"]
[Result "1-0"]
[WhiteElo "2426"]
[BlackElo "2307"]
[PlyCount "81"]
[EventDate "2000.10.14"]
[EventType "team"]
[EventRounds "15"]
[EventCountry "GER"]
[SourceTitle "Bundesliga 0001"]
[Source "DeepChess"]
[SourceDate "2005.01.01"]
[SourceVersion "1"]
[SourceVersionDate "2005.01.01"]
[SourceQuality "1"]
[WhiteTeam "SAbt SV Werder Bremen"]
[BlackTeam "SV Wattenscheid 1930"]
[WhiteTeamCountry "GER"]
[BlackTeamCountry "GER"]

1. d4 Nf6 2. c4 g6 3. Nc3 Bg7 4. e4 d6 5. Be2 O-O 6. Bg5 h6 7. Be3 e5 8. d5 c6
9. Qd2 Kh7 10. h4 cxd5 11. cxd5 h5 12. f3 a6 13. Nh3 b5 14. Ng5+ Kg8 15. b4
Nbd7 16. a4 bxa4 17. Nxa4 Nh7 18. O-O Nxg5 19. hxg5 f5 20. gxf6 Bxf6 21. Rfc1
Bb7 22. Rc6 Qb8 23. Rac1 Rc8 24. Rxc8+ Bxc8 25. Qc3 Kf7 26. Qc6 Ke7 27. Nb6
Nxb6 28. Qxb6 Qxb6 29. Bxb6 Ke8 30. Rc6 Be7 31. Bc7 Kd7 32. Ba5 Ke8 33. g3 Bd7
34. Rxa6 Rc8 35. b5 Rc1+ 36. Kf2 Rc2 37. Ra8+ Kf7 38. b6 Bc8 39. Ke1 h4 40.
gxh4 Bxh4+ 41. Kd1 1-0

[Event "Bundesliga 0001"]
[Site "Deutschland"]
[Date "2001.03.11"]
[Round "11.1"]
[White "Movsesian, Sergei"]
[Black "Kishnev, Sergey"]
[Result "0-1"]
[WhiteElo "2666"]
[BlackElo "2495"]
[PlyCount "76"]
[EventDate "2000.10.14"]
[EventType "team"]
[EventRounds "15"]
[EventCountry "GER"]
[SourceTitle "Bundesliga 0001"]
[Source "DeepChess"]
[SourceDate "2005.01.01"]
[SourceVersion "1"]
[SourceVersionDate "2005.01.01"]
[SourceQuality "1"]
[WhiteTeam "SF Neukoelln 03 e.V."]
[BlackTeam "SC Hassel KS Gelsenkirchen"]
[WhiteTeamCountry "GER"]
[BlackTeamCountry "GER"]

1. e4 c5 2. Nf3 Nc6 3. Bb5 e6 4. O-O Nge7 5. c3 a6 6. Ba4 b5 7. Bc2 c4 8. d4
cxd3 9. Qxd3 Ng6 10. Rd1 Be7 11. Nbd2 Qc7 12. a4 Rb8 13. axb5 axb5 14. Nb3 e5
15. Nfd2 Nb4 16. cxb4 Nf4 17. Qe3 Qxc2 18. Rf1 Nd3 19. Ra3 Nxb4 20. Na1 Qc6 21.
Qg3 Qg6 22. Qe3 Nc6 23. Rd3 O-O 24. Nc2 d6 25. Qe2 f5 26. Rg3 Qe8 27. Rb3 b4
28. f4 Be6 29. Rg3 b3 30. Ne3 Nd4 31. Qd1 Qb5 32. Kh1 exf4 33. Rxf4 Ne2 34.
exf5 Nxf4 35. fxe6 Nd3 36. Ng4 Rbc8 37. Nc4 Qxc4 38. Bh6 Nxb2 0-1

[Event "Bundesliga 0001"]
[Site "Deutschland"]
[Date "2001.03.11"]
[Round "11.2"]
[White "Kalka, Arkadius Georg"]
[Black "Stohl, Igor"]
[Result "0-1"]
[WhiteElo "2378"]
[BlackElo "2578"]
[PlyCount "52"]
[EventDate "2000.10.14"]
[EventType "team"]
[EventRounds "15"]
[EventCountry "GER"]
[SourceTitle "Bundesliga 0001"]
[Source "DeepChess"]
[SourceDate "2005.01.01"]
[SourceVersion "1"]
[SourceVersionDate "2005.01.01"]
[SourceQuality "1"]
[WhiteTeam "SC Hassel KS Gelsenkirchen"]
[BlackTeam "SF Neukoelln 03 e.V."]
[WhiteTeamCountry "GER"]
[BlackTeamCountry "GER"]

1. d4 Nf6 2. c4 e6 3. Nc3 Bb4 4. e3 c5 5. Nf3 b6 6. Bd3 Bb7 7. O-O O-O 8. Bd2
cxd4 9. Nxd4 Be7 10. e4 d6 11. Qe2 Nbd7 12. Rae1 Re8 13. f4 Bf8 14. Bc2 g6 15.
e5 Nh5 16. Ncb5 dxe5 17. fxe5 a6 18. Na3 Nxe5 19. Qf2 Bc5 20. Bc3 Ng4 21. Qxf7+
Kh8 22. Rd1 Qh4 23. h3 Qg3 24. Rf2 Qxf2+ 25. Qxf2 Nxf2 26. Nxe6+ Kg8 0-1

[Event "Bundesliga 0001"]
[Site "Deutschland"]
[Date "2001.03.11"]
[Round "11.3"]
[White "Bunzmann, Dimitrij"]
[Black "Meessen, Rudolf"]
[Result "1-0"]
[WhiteElo "2484"]
[BlackElo "2306"]
[PlyCount "81"]
[EventDate "2000.10.14"]
[EventType "team"]
[EventRounds "15"]
[EventCountry "GER"]
[SourceTitle "Bundesliga 0001"]
[Source "DeepChess"]
[SourceDate "2005.01.01"]
[SourceVersion "1"]
[SourceVersionDate "2005.01.01"]
[SourceQuality "1"]
[WhiteTeam "SF Neukoelln 03 e.V."]
[BlackTeam "SC Hassel KS Gelsenkirchen"]
[WhiteTeamCountry "GER"]
[BlackTeamCountry "GER"]

1. d4 Nf6 2. Nf3 g6 3. c4 Bg7 4. Nc3 O-O 5. e4 d6 6. Be2 e5 7. O-O Nc6 8. d5
Ne7 9. b4 Nh5 10. c5 Nf4 11. Bxf4 exf4 12. Qb3 h6 13. Rad1 g5 14. e5 dxe5 15.
d6 Nf5 16. h3 cxd6 17. Ne4 Be6 18. Bc4 Bxc4 19. Qxc4 Rc8 20. Qb3 Qe8 21. cxd6
Qc6 22. Rd5 Rfd8 23. Nxe5 Bxe5 24. Rxe5 Nxd6 25. Nf6+ Kf8 26. Rc5 Qa6 27. Rd1
b5 28. Qc2 Nc4 29. Nd7+ Kg8 30. Rxc8 Qxc8 31. Qd3 Ne5 32. Nf6+ Kf8 33. Qxd8+
Qxd8 34. Rxd8+ Ke7 35. Rd5 Kxf6 36. Rxb5 f3 37. Ra5 fxg2 38. Ra6+ Kf5 39. Rxa7
Nd3 40. b5 Ke6 41. b6 1-0

[Event "Bundesliga 0001"]
[Site "Deutschland"]
[Date "2001.03.11"]
[Round "11.4"]
[White "Baumhus, Reinhard"]
[Black "Borriss, Martin"]
[Result "1/2-1/2"]
[WhiteElo "2341"]
[BlackElo "2439"]
[PlyCount "75"]
[EventDate "2000.10.14"]
[EventType "team"]
[EventRounds "15"]
[EventCountry "GER"]
[SourceTitle "Bundesliga 0001"]
[Source "DeepChess"]
[SourceDate "2005.01.01"]
[SourceVersion "1"]
[SourceVersionDate "2005.01.01"]
[SourceQuality "1"]
[WhiteTeam "SC Hassel KS Gelsenkirchen"]
[BlackTeam "SF Neukoelln 03 e.V."]
[WhiteTeamCountry "GER"]
[BlackTeamCountry "GER"]

1. e4 c5 2. Nc3 Nc6 3. g3 g6 4. Bg2 Bg7 5. d3 d6 6. Nge2 e6 7. O-O Nge7 8. Be3
Nd4 9. Rb1 O-O 10. Qd2 Rb8 11. b4 b6 12. f4 Bb7 13. bxc5 Nxe2+ 14. Nxe2 bxc5
15. Rb5 Bc6 16. Rb3 Qc7 17. Rfb1 Ba4 18. Rxb8 Rxb8 19. Rxb8+ Qxb8 20. c4 Qb1+
21. Bf1 Nc6 22. Nc3 Qb4 23. Nxa4 Qxa4 24. e5 dxe5 25. Bxc5 h5 26. Bg2 exf4 27.
Qxf4 Qa5 28. Bf2 e5 29. Qe4 Nd4 30. Bxd4 exd4 31. Qe8+ Bf8 32. Bd5 Qc7 33. c5
Qe7 34. Qxe7 Bxe7 35. c6 Bd6 36. Kg2 Kg7 37. Kf3 f5 38. Bc4 1/2-1/2

[Event "Bundesliga 0001"]
[Site "Deutschland"]
[Date "2001.03.11"]
[Round "11.5"]
[White "Polzin, Rainer"]
[Black "Ahn, Martin"]
[Result "1-0"]
[WhiteElo "2465"]
[BlackElo "2265"]
[PlyCount "61"]
[EventDate "2000.10.14"]
[EventType "team"]
[EventRounds "15"]
[EventCountry "GER"]
[SourceTitle "Bundesliga 0001"]
[Source "DeepChess"]
[SourceDate "2005.01.01"]
[SourceVersion "1"]
[SourceVersionDate "2005.01.01"]
[SourceQuality "1"]
[WhiteTeam "SF Neukoelln 03 e.V."]
[BlackTeam "SC Hassel KS Gelsenkirchen"]
[WhiteTeamCountry "GER"]
[BlackTeamCountry "GER"]

1. e4 c5 2. Nf3 d6 3. d4 cxd4 4. Nxd4 Nf6 5. Nc3 g6 6. Be3 Bg7 7. f3 O-O 8. Qd2
Nc6 9. Bc4 Bd7 10. O-O-O Ne5 11. Bb3 Rc8 12. Kb1 Nc4 13. Bxc4 Rxc4 14. g4 Qb8
15. b3 Rc5 16. g5 Nh5 17. Nd5 Re8 18. Ne2 Rc6 19. Ng3 Qd8 20. Nxh5 gxh5 21.
Rhg1 Kf8 22. Bd4 e5 23. Bxa7 Re6 24. c4 Ra6 25. Be3 Qa5 26. Qxa5 Rxa5 27. Nc7
Rg6 28. Bb6 Ra6 29. Nxa6 bxa6 30. Rxd6 Rxd6 31. Bc5 1-0

[Event "Bundesliga 0001"]
[Site "Deutschland"]
[Date "2001.03.11"]
[Round "11.6"]
[White "Balster, Stefan"]
[Black "Hellsten, Johan"]
[Result "0-1"]
[WhiteElo "2338"]
[BlackElo "2470"]
[PlyCount "54"]
[EventDate "2000.10.14"]
[EventType "team"]
[EventRounds "15"]
[EventCountry "GER"]
[SourceTitle "Bundesliga 0001"]
[Source "DeepChess"]
[SourceDate "2005.01.01"]
[SourceVersion "1"]
[SourceVersionDate "2005.01.01"]
[SourceQuality "1"]
[WhiteTeam "SC Hassel KS Gelsenkirchen"]
[BlackTeam "SF Neukoelln 03 e.V."]
[WhiteTeamCountry "GER"]
[BlackTeamCountry "GER"]

1. c4 e5 2. g3 Nf6 3. Nc3 Bc5 4. Bg2 O-O 5. e3 Nc6 6. a3 a5 7. Nge2 Re8 8. O-O
d6 9. d3 Bd7 10. h3 Ne7 11. Kh2 c6 12. b4 Ba7 13. d4 exd4 14. exd4 Ng6 15. b5
d5 16. cxd5 cxb5 17. Rb1 Bb8 18. Bd2 Ra6 19. Nxb5 Nh4 20. Bh1 Ne4 21. d6 Nf5
22. Nec3 Nexd6 23. Nxd6 Rxd6 24. d5 Rg6 25. Rg1 Qh4 26. Rxb7 Ne3 27. Rxd7 Qxh3+
0-1

[Event "Bundesliga 0001"]
[Site "Deutschland"]
[Date "2001.03.11"]
[Round "11.7"]
[White "Rudolf, Henrik"]
[Black "Schirbel, Andreas"]
[Result "0-1"]
[WhiteElo "2308"]
[BlackElo "2308"]
[PlyCount "54"]
[EventDate "2000.10.14"]
[EventType "team"]
[EventRounds "15"]
[EventCountry "GER"]
[SourceTitle "Bundesliga 0001"]
[Source "DeepChess"]
[SourceDate "2005.01.01"]
[SourceVersion "1"]
[SourceVersionDate "2005.01.01"]
[SourceQuality "1"]
[WhiteTeam "SF Neukoelln 03 e.V."]
[BlackTeam "SC Hassel KS Gelsenkirchen"]
[WhiteTeamCountry "GER"]
[BlackTeamCountry "GER"]

1. e4 e5 2. Nf3 d6 3. d4 exd4 4. Nxd4 Nf6 5. Nc3 Be7 6. Be2 O-O 7. O-O c5 8.
Nf3 Nc6 9. Bg5 h6 10. Bh4 a6 11. a4 Nb4 12. Nd2 d5 13. exd5 Bf5 14. Nc4 Bxc2
15. Qd2 Nfxd5 16. Nxd5 Bxh4 17. Nxb4 Qxd2 18. Nxd2 cxb4 19. Nc4 Rad8 20. a5 Bf6
21. Rac1 b3 22. Rfe1 Rc8 23. Bf1 Rc5 24. Rxc2 bxc2 25. Rc1 Rfc8 26. b3 Bc3 27.
Rxc2 Bxa5 0-1

[Event "Bundesliga 0001"]
[Site "Deutschland"]
[Date "2001.03.11"]
[Round "11.8"]
[White "Orlov, Andrey"]
[Black "Thiede, Lars"]
[Result "1/2-1/2"]
[WhiteElo "2367"]
[BlackElo "2421"]
[PlyCount "117"]
[EventDate "2000.10.14"]
[EventType "team"]
[EventRounds "15"]
[EventCountry "GER"]
[SourceTitle "Bundesliga 0001"]
[Source "DeepChess"]
[SourceDate "2005.01.01"]
[SourceVersion "1"]
[SourceVersionDate "2005.01.01"]
[SourceQuality "1"]
[WhiteTeam "SC Hassel KS Gelsenkirchen"]
[BlackTeam "SF Neukoelln 03 e.V."]
[WhiteTeamCountry "GER"]
[BlackTeamCountry "GER"]

1. e4 g6 2. d4 Bg7 3. c3 d6 4. Bd3 e5 5. Ne2 Nc6 6. d5 Nce7 7. c4 f5 8. Nbc3
Nf6 9. f3 f4 10. Bd2 c5 11. a3 g5 12. b4 b6 13. bxc5 bxc5 14. Rb1 O-O 15. h3
Ng6 16. Qa4 Ne8 17. Nd1 Bd7 18. Qa5 Qc8 19. Bc2 h5 20. Ba4 Bxa4 21. Qxa4 g4 22.
hxg4 hxg4 23. Nf2 Nf6 24. Nc3 Rf7 25. Ke2 Bf8 26. Qb5 a6 27. Qa4 Raa7 28. Rb6
Rh7 29. Rxh7 Rxh7 30. Qxa6 Qxa6 31. Rxa6 Rh2 32. fxg4 Rxg2 33. Kf1 Nh4 34. Ra8
Kf7 35. a4 Nxg4 36. Nxg4 Rxg4 37. Be1 Nf3 38. Bf2 Nh2+ 39. Ke1 Nf3+ 40. Ke2
Nd4+ 41. Kf1 Be7 42. a5 Bh4 43. a6 Bxf2 44. Kxf2 f3 45. a7 Rg2+ 46. Kf1 Nc2 47.
Nd1 Rd2 48. Rf8+ Kxf8 49. a8=Q+ Kg7 50. Nf2 Re2 51. Kg1 Re1+ 52. Kh2 Rf1 53.
Kg3 Rg1+ 54. Kxf3 Nd4+ 55. Ke3 Rg3+ 56. Kd2 Rg2 57. Qb7+ Kg6 58. Ke1 Rg1+ 59.
Kd2 1/2-1/2

[Event "Bundesliga 0001"]
[Site "Deutschland"]
[Date "2001.03.11"]
[Round "11.1"]
[White "Bischoff, Klaus"]
[Black "Schlindwein, Rolf"]
[Result "1-0"]
[WhiteElo "2556"]
[BlackElo "2441"]
[PlyCount "91"]
[EventDate "2000.10.14"]
[EventType "team"]
[EventRounds "15"]
[EventCountry "GER"]
[SourceTitle "Bundesliga 0001"]
[Source "DeepChess"]
[SourceDate "2005.01.01"]
[SourceVersion "1"]
[SourceVersionDate "2005.01.01"]
[SourceQuality "1"]
[WhiteTeam "SK Koenig Plauen"]
[BlackTeam "SF 1982 Baiertal Schatthausen"]
[WhiteTeamCountry "GER"]
[BlackTeamCountry "GER"]

1. Nf3 d6 2. d4 Bg4 3. e3 Nf6 4. Be2 c6 5. c4 Qc7 6. Nc3 e5 7. h3 Bh5 8. b3
Nbd7 9. Bb2 Be7 10. Rc1 e4 11. Nd2 Bg6 12. g4 h6 13. h4 Rd8 14. b4 d5 15. cxd5
Bxb4 16. dxc6 Qxc6 17. Qb3 Qd6 18. Nc4 Qe7 19. a3 Bxc3+ 20. Bxc3 Nd5 21. Bb4
Nxb4 22. Qxb4 Nf6 23. Ne5 Qxb4+ 24. axb4 Nd5 25. Kd2 h5 26. g5 Bf5 27. b5 f6
28. gxf6 gxf6 29. Nc4 Bg4 30. Bxg4 hxg4 31. Rcg1 f5 32. Ra1 Rh7 33. Rxa7 Rc7
34. Ra4 Kf8 35. b6 Rc6 36. Rb1 Rdc8 37. Rb5 Ne7 38. Kc3 Rh6 39. Rc5 Rb8 40. d5
f4 41. d6 Ng6 42. h5 g3 43. fxg3 fxg3 44. hxg6 Rxg6 45. Ra1 Kg7 46. Rc7+ 1-0

[Event "Bundesliga 0001"]
[Site "Deutschland"]
[Date "2001.03.11"]
[Round "11.3"]
[White "Kindermann, Stefan"]
[Black "Berg, Emanuel"]
[Result "1/2-1/2"]
[WhiteElo "2519"]
[BlackElo "2456"]
[PlyCount "62"]
[EventDate "2000.10.14"]
[EventType "team"]
[EventRounds "15"]
[EventCountry "GER"]
[SourceTitle "Bundesliga 0001"]
[Source "DeepChess"]
[SourceDate "2005.01.01"]
[SourceVersion "1"]
[SourceVersionDate "2005.01.01"]
[SourceQuality "1"]
[WhiteTeam "SK Koenig Plauen"]
[BlackTeam "SF 1982 Baiertal Schatthausen"]
[WhiteTeamCountry "GER"]
[BlackTeamCountry "GER"]

1. e4 e6 2. d4 d5 3. Nc3 Bb4 4. exd5 exd5 5. Bd3 Nc6 6. a3 Be7 7. Bf4 a6 8.
Nce2 Bf6 9. c3 Nge7 10. Ng3 g6 11. Nf3 h5 12. h3 h4 13. Nf1 Be6 14. Ne3 Qd7 15.
Qc2 Rh5 16. O-O-O O-O-O 17. Rhe1 Rg8 18. Nd2 Nf5 19. Ng4 Be7 20. Nf3 Ng7 21.
Nge5 Nxe5 22. Nxe5 Qd8 23. Kb1 Bd6 24. Re2 Rf5 25. Bh2 Rg5 26. f3 Bxe5 27. Bxe5
Nh5 28. Rde1 Ng3 29. Re3 Nf5 30. R3e2 Ng3 31. Re3 Nf5 1/2-1/2

[Event "Bundesliga 0001"]
[Site "Deutschland"]
[Date "2001.03.11"]
[Round "11.4"]
[White "Buhmann, Rainer"]
[Black "Espig, Lutz"]
[Result "1-0"]
[WhiteElo "2416"]
[BlackElo "2401"]
[PlyCount "113"]
[EventDate "2000.10.14"]
[EventType "team"]
[EventRounds "15"]
[EventCountry "GER"]
[SourceTitle "Bundesliga 0001"]
[Source "DeepChess"]
[SourceDate "2005.01.01"]
[SourceVersion "1"]
[SourceVersionDate "2005.01.01"]
[SourceQuality "1"]
[WhiteTeam "SF 1982 Baiertal Schatthausen"]
[BlackTeam "SK Koenig Plauen"]
[WhiteTeamCountry "GER"]
[BlackTeamCountry "GER"]

1. d4 d6 2. Nf3 Nf6 3. c4 Nbd7 4. Nc3 e5 5. Bg5 Be7 6. e3 Ng8 7. Bxe7 Qxe7 8.
Nb5 Qd8 9. c5 a6 10. Qa4 e4 11. cxd6 axb5 12. Qxa8 exf3 13. dxc7 Qxc7 14. gxf3
Ne7 15. Qa3 Qc6 16. Rg1 Qf6 17. Bxb5 O-O 18. Rc1 Ng6 19. Rg3 Nb6 20. Rc5 Be6
21. Bd3 Ra8 22. Qb4 Qd8 23. a3 Ne7 24. Qd2 Nbd5 25. e4 Nf6 26. d5 Bd7 27. f4
Qb6 28. Rc4 Re8 29. Kf1 Bb5 30. Rb4 Bxd3+ 31. Rxd3 Qa6 32. Kg1 Nxe4 33. Qd1
Qg6+ 34. Kf1 Nd6 35. Re3 Ndf5 36. Re5 Rd8 37. Qe2 Rd7 38. Rbe4 Qf6 39. Rxf5
Qxf5 40. Rxe7 Qb1+ 41. Kg2 Qg6+ 42. Kf1 Qb1+ 43. Kg2 Qg6+ 44. Kh1 Rxe7 45. Qxe7
Qb1+ 46. Kg2 Qg6+ 47. Kf1 h5 48. Qe8+ Kh7 49. Qe3 Qb1+ 50. Kg2 Qg6+ 51. Kf3
Qg4+ 52. Ke4 Qg6+ 53. Kd4 Qb6+ 54. Kc3 Qa5+ 55. Kc2 Qa4+ 56. Kd2 g6 57. d6 1-0

[Event "Bundesliga 0001"]
[Site "Deutschland"]
[Date "2001.03.11"]
[Round "11.5"]
[White "Sandner, Gunter"]
[Black "Duppel, Matthias"]
[Result "1/2-1/2"]
[WhiteElo "2333"]
[BlackElo "2376"]
[PlyCount "84"]
[EventDate "2000.10.14"]
[EventType "team"]
[EventRounds "15"]
[EventCountry "GER"]
[SourceTitle "Bundesliga 0001"]
[Source "DeepChess"]
[SourceDate "2005.01.01"]
[SourceVersion "1"]
[SourceVersionDate "2005.01.01"]
[SourceQuality "1"]
[WhiteTeam "SK Koenig Plauen"]
[BlackTeam "SF 1982 Baiertal Schatthausen"]
[WhiteTeamCountry "GER"]
[BlackTeamCountry "GER"]

1. Nf3 d5 2. c4 e6 3. g3 Nf6 4. Bg2 Be7 5. O-O O-O 6. d4 dxc4 7. Qc2 a6 8. a4
Bd7 9. Qxc4 Bc6 10. Bg5 Bd5 11. Qd3 Be4 12. Qd2 a5 13. Nc3 Bxf3 14. Bxf3 c6 15.
Rfd1 Na6 16. e4 Nd5 17. Bxe7 Nxe7 18. d5 e5 19. Qe3 Qb8 20. Be2 Nb4 21. Qc5 Re8
22. Rac1 cxd5 23. Nxd5 Nexd5 24. exd5 b6 25. Qc7 Rc8 26. Qxb8 Raxb8 27. d6 Rxc1
28. Rxc1 Rd8 29. Rc7 h6 30. Bc4 Rxd6 31. Bxf7+ Kh7 32. h4 Nd3 33. b3 Nc5 34. h5
Rf6 35. Bg6+ Kg8 36. Rc8+ Rf8 37. Bh7+ Kf7 38. Bg6+ Kg8 39. Bh7+ Kf7 40. Bg6+
Ke7 41. Rc6 Rf6 42. Rc7+ Nd7 1/2-1/2